Discrete and continuous boundary problems /
Guardado en:
| Autor Principal: | |
|---|---|
| Formato: | Libro |
| Idioma: | English |
| Publicado: |
New York :
Academic Press,
1964.
|
| Series: | Mathematics in science and engineering ;
v. 8 |
| Etiquetas: |
Agregar Etiqueta
Sin Etiquetas, Sea el primero en etiquetar este registro!
|
| LEADER | 00646nam a22001815 4500 | ||
|---|---|---|---|
| 001 | MAT.inmabb001858 | ||
| 008 | 840615s1964####nyu######b####001#0#eng#d | ||
| 005 | 20130430165134.0 | ||
| 245 | 1 | 0 | |a Discrete and continuous boundary problems / |c F. V. Atkinson. |
| 260 | |a New York : |b Academic Press, |c 1964. | ||
| 300 | |a xiv, 570 p. ; |c 24 cm. | ||
| 440 | 0 | |a Mathematics in science and engineering ; |v v. 8 | |
| 504 | |a Bibliografía: p. 478-480. Referencias bibliográficas incluidas en "Notes" (p. 481-535) | ||
| 510 | 4 | |a MR, |c 31 #416 | |
| 100 | 1 | |a Atkinson, F. V. | |
| 084 | |a 34.30 (39.20) |2 MR | ||
| 010 | |a 63016717 | ||
| 859 | |h 34 |i At875 |p A-3341 |b BIB. MATEMATICA | ||
